[Event "Test Tournament"]
[Site "Emanuel Lasker Arena"]
[Date "2024.04.09"]
[Round "2"]
[White "Botwinzig"]
[Black "Toby Ziegler"]
[Result "0-1"]
[WhiteElo "1810"]
[BlackElo "2064"]
[Annotator "RC"]
[PlyCount "42"]
[EventDate "2024.04.09"]
[EventType "swiss (blitz)"]
[TimeControl "60"]

1. d4 {[%emt 0:00:01]} Nf6 {[%emt 0:00:01]} 2. c4 {[%emt 0:00:01]} e6 {[%emt 0:00:01]} 3. Nc3 {[%emt 0:00:01]} Bb4 {[%emt 0:00:01]} 4. Qc2 {[%emt 0:00:01]} O-O {[%emt 0:00:01]} 5. a3 {[%emt 0:00:01]} Bxc3+ {[%emt 0:00:01]} 6. Qxc3 {[%emt 0:00:02]} d6 {[%emt 0:00:01]} 7. f3 {[%emt 0:00:01]} c5 {[%emt 0:00:01]} 8. dxc5 {[%emt 0:00:06]} dxc5 {[%emt 0:00:01]} 9. Bf4 {[%emt 0:00:01]} Nc6 {[%emt 0:00:07]} 10. Rd1 {[%emt 0:00:03]} Qb6 {[%emt 0:00:01]} 11. e4 {[%emt 0:00:02]} e5 {[%emt 0:00:04]} 12. Bxe5 {[%emt 0:00:01]} Nxe5 {[%emt 0:00:01]} 13. Qxe5 {[%emt 0:00:01]} Qb3 {[%emt 0:00:04]} 14. h4 {[%emt 0:00:08]} h5 {[%emt 0:00:03]} 15. Bd3 {[%emt 0:00:03]} Re8 {[%emt 0:00:07]} 16. Bc2 {[%emt 0:00:09]} Qe3+ {[%emt 0:00:01]} 17. Ne2 {[%emt 0:00:01]} Rxe5 {[%emt 0:00:01]} 18. Rd3 {[%emt 0:00:01]} Qh6 {[%emt 0:00:02]} 19. O-O {[%emt 0:00:01]} Bh3 {[%emt 0:00:02]} 20. gxh3 {[%emt 0:00:01]} b5 {[%emt 0:00:02]} 21. cxb5 {[%emt 0:00:01]} c4 {[%emt 0:00:02] Time (Lag: Av=0.05s, max=0.1s) .} 0-1

[Event "Test Tournament"]
[Site "Emanuel Lasker Arena"]
[Date "2024.04.09"]
[Round "2"]
[White "Mrs Florrick"]
[Black "Klaus Junge"]
[Result "0-1"]
[WhiteElo "1780"]
[BlackElo "1620"]
[Annotator "NA RC"]
[PlyCount "62"]
[EventDate "2024.04.09"]
[EventType "swiss (blitz)"]

1. e4 {[%emt 0:00:01]} e5 {[%emt 0:00:01]} 2. Nf3 {[%emt 0:00:01]} Nc6 {[%emt 0:00:01]} 3. Bb5 {[%emt 0:00:02]} a6 {[%emt 0:00:01]} 4. Ba4 {[%emt 0:00:01]} Nf6 {[%emt 0:00:01]} 5. O-O {[%emt 0:00:01]} Nxe4 {[%emt 0:00:01]} 6. d4 {[%emt 0:00:01]} b5 {[%emt 0:00:01]} 7. Bb3 {[%emt 0:00:01]} d5 {[%emt 0:00:01]} 8. dxe5 {[%emt 0:00:01]} Be6 {[%emt 0:00:01]} 9. Nbd2 {[%emt 0:00:01]} Be7 {[%emt 0:00:01]} 10. c3 {[%emt 0:00:01]} O-O {[%emt 0:00:01]} 11. Qe2 {[%emt 0:00:01]} Nc5 {[%emt 0:00:01]} 12. Rd1 {[%emt 0:00:02]} b4 {[%emt 0:00:00]} 13. Bc2 {[%emt 0:00:03]} a5 {[%emt 0:00:04]} 14. Ne4 {[%emt 0:00:03]} Bg4 {[%emt 0:00:01]} 15. h4 {[%emt 0:00:03]} h6 {[%emt 0:00:04]} 16. Qb5 {[%emt 0:00:03]} Na7 {[%emt 0:00:05]} 17. Nxc5 {[%emt 0:00:15]} Nxb5 {[%emt 0:00:01]} 18. cxb4 {[%emt 0:00:01]} Bxc5 {[%emt 0:00:01]} 19. bxc5 {[%emt 0:00:01]} Bxf3 {[%emt 0:00:04]} 20. gxf3 {[%emt 0:00:01]} Qxh4 {[%emt 0:00:01]} 21. Rxd5 {[%emt 0:00:01]} Nd4 {[%emt 0:00:02]} 22. Bf5 {[%emt 0:00:02]} Nxf5 {[%emt 0:00:01]} 23. c6 {[%emt 0:00:02]} Nd4 {[%emt 0:00:02]} 24. Kg2 {[%emt 0:00:01]} Nxc6 {[%emt 0:00:01]} 25. Be3 {[%emt 0:00:02]} f5 {[%emt 0:00:02]} 26. Rg1 {[%emt 0:00:02]} f4 {[%emt 0:00:02]} 27. e6 {[%emt 0:00:00]} Rf6 {[%emt 0:00:01]} 28. e7 {[%emt 0:00:02]} Rg6+ {[%emt 0:00:01]} 29. Kf1 {[%emt 0:00:01]} Qh3+ {[%emt 0:00:01]} 30. Ke2 {[%emt 0:00:01]} Rxg1 {[%emt 0:00:01]} 31. Bd4 {[%emt 0:00:01]} Nxe7 {[%emt 0:00:01] Time (Lag: Av=0.08s, max=0.6s) .} 0-1

[Event "Test Tournament"]
[Site "Emanuel Lasker Arena"]
[Date "2024.04.09"]
[Round "2"]
[White "Lord Grantham"]
[Black "PinPointPro"]
[Result "1-0"]
[WhiteElo "1766"]
[BlackElo "1984"]
[Annotator "RC"]
[PlyCount "47"]
[EventDate "2024.04.09"]
[EventType "swiss (blitz)"]
[TimeControl "60"]

1. d4 {[%emt 0:00:01]} Nf6 {[%emt 0:00:01]} 2. c4 {[%emt 0:00:01]} e6 {[%emt 0:00:01]} 3. Nf3 {[%emt 0:00:01]} d5 {[%emt 0:00:01]} 4. g3 {[%emt 0:00:01]} Bb4+ {[%emt 0:00:01]} 5. Bd2 {[%emt 0:00:01]} Be7 {[%emt 0:00:01]} 6. Bg2 {[%emt 0:00:01]} c6 {[%emt 0:00:05]} 7. Qc2 {[%emt 0:00:01]} O-O {[%emt 0:00:01]} 8. O-O {[%emt 0:00:04]} Nbd7 {[%emt 0:00:01]} 9. Rd1 {[%emt 0:00:01]} b6 {[%emt 0:00:01]} 10. b3 {[%emt 0:00:04]} Ba6 {[%emt 0:00:01]} 11. Bf4 {[%emt 0:00:01]} Rc8 {[%emt 0:00:01]} 12. Nbd2 {[%emt 0:00:03]} Nh5 {[%emt 0:00:01]} 13. e3 {[%emt 0:00:03]} c5 {[%emt 0:00:01]} 14. Qb1 {[%emt 0:00:03]} dxc4 {[%emt 0:00:01]} 15. Nxc4 {[%emt 0:00:01]} Nxf4 {[%emt 0:00:01]} 16. exf4 {[%emt 0:00:01]} Bb7 {[%emt 0:00:03]} 17. Ng5 {[%emt 0:00:03]} Nf6 {[%emt 0:00:01]} 18. Bxb7 {[%emt 0:00:00]} cxd4 {[%emt 0:00:01]} 19. Bxc8 {[%emt 0:00:01]} Qxc8 {[%emt 0:00:01]} 20. Rxd4 {[%emt 0:00:03]} b5 {[%emt 0:00:03]} 21. Ne5 {[%emt 0:00:03]} Bc5 {[%emt 0:00:04]} 22. Nd7 {[%emt 0:00:02]} Kh8 {[%emt 0:00:02]} 23. Nxf6 {[%emt 0:00:01]} Bxd4 {[%emt 0:00:02]} 24. Qxh7# {[%emt 0:00:02] (Lag: Av=0.05s, max=0.2s)} 1-0

[Event "Test Tournament"]
[Site "Emanuel Lasker Arena"]
[Date "2024.04.09"]
[Round "2"]
[White "Lord Grantham"]
[Black "Thomas Kydd"]
[Result "0-1"]
[WhiteElo "1766"]
[BlackElo "2405"]
[Annotator "TA"]
[PlyCount "98"]
[EventDate "2024.04.09"]
[EventType "swiss (blitz)"]

{[%evp 23,98,0,0,-37,-9,-50,-25,-12,-8,-45,303,282,322,0,324,225,397,390,397,397,403,297,421,279,365,234,452,450,749,729,714,687,2354,772,975,848,1104,1091,1045,589,29985,29986,29986,29987,29987,29988,29989,29990,29989,29972,29976,29977,29976,29977,29976,29977,29978,29979,29979,29978,29978,29978,29979,29980,29982,29980,29983,29980,29990,29982,29984,29983,29988,29989,29989,29990,29984]} 1. Nf3 {[%emt 0:00:01]} c5 {[%emt 0:00:01]} 2. g3 {[%emt 0:00:01]} g6 {[%emt 0:00:01]} 3. Bg2 {[%emt 0:00:01]} Bg7 {[%emt 0:00:01]} 4. O-O {[%emt 0:00:01]} Nc6 {[%emt 0:00:01]} 5. c4 {[%emt 0:00:01]} e5 {[%emt 0:00:00]} 6. Nc3 {[%emt 0:00:01]} Nge7 {[%emt 0:00:01]} 7. d3 {[%emt 0:00:04]} d6 {[%emt 0:00:01]} 8. Ne1 {[%emt 0:00:01]} Be6 {[%emt 0:00:01]} 9. Nd5 {[%emt 0:00:01]} O-O {[%emt 0:00:00]} 10. a3 {[%emt 0:00:01]} a5 {[%emt 0:00:01]} 11. Rb1 {[%emt 0:00:01]} Rb8 {[%emt 0:00:00]} 12. Nc2 {[%emt 0:00:01]} b5 {[%emt 0:00:01]} 13. Bg5 {[%emt 0:00:01]} h6 {[%emt 0:00:01]} 14. Bd2 {[%emt 0:00:02]} bxc4 {[%emt 0:00:01]} 15. dxc4 {[%emt 0:00:01][%cal Bd3c4,Bc4d5,Bd5c6,Bc6d7][%mdl 32] Black has an edge.} a4 {[%emt 0:00:02]} 16. e4 {[%emt 0:00:01]} Nxd5 $2 {[%emt 0:00:01][%mdl 8192] White stays focused until the end.} (16... h5 $15 {keeps the upper hand.}) 17. cxd5 {[%emt 0:00:01]} Qd7 {[%emt 0:00:01]} 18. Qf3 $2 {[%emt 0:00:01]} ({Better is} 18. dxc6 $18 Qxc6 19. Bc3) 18... Rb3 $2 {[%emt 0:00:01][%mdl 8192]} (18... Nd4 $11 {and Black has nothing to worry.} 19. Qd1 (19. Nxd4 Bg4 $17) 19... Bg4) 19. Qe2 {[%emt 0:00:01]} ({Don't do} 19. dxe6 Qxe6 20. Qd1 Nd4 $18) 19... Bg4 $2 {[%emt 0:00:01]} (19... Nd4 {was called for.} 20. Nxd4 exd4) 20. dxc6 $18 {[%emt 0:00:01] [#] Threatens to win with f3.} Bxe2 {[%emt 0:00:00]} 21. cxd7 {[%emt 0:00:01]} Rd8 {[%emt 0:00:04]} 22. Ne3 {[%emt 0:00:03]} h5 {[%emt 0:00:03]} (22... Bxf1 $142 23. Bxf1 Rxd7) 23. h4 {[%emt 0:00:04] aiming for Rfe1.} Bd3 {[%emt 0:00:01]} 24. Rbc1 {[%emt 0:00:03][%cal Og2h3] Bh3! is the strong threat.} Bh6 $2 {[%emt 0:00:00] [#]} (24... Bxf1 {keeps fighting.} 25. Kxf1 (25. Bxf1 Rxb2 26. Nc4 Rb7 $18) 25... Rxd7) 25. Bh3 $1 {[%emt 0:00:03][%cal Od2a5] Hoping for Ba5!} Rxb2 {[%emt 0:00:01]} (25... Bxf1 $142 26. Rxf1 (26. Bxf1 Rxd7 27. Rc2 Bxe3 $18) 26... Rb7) (25... Bb5 26. Rcd1) 26. Ba5 {[%emt 0:00:02][%cal Bd2a5,Ba5c7,Bc7d6][%mdl 32]} Bxf1 {[%emt 0:00:01]} 27. Rxf1 {[%emt 0:00:01]} Bxe3 {[%emt 0:00:03]} 28. fxe3 {[%emt 0:00:01]} (28. Bxd8 $142 Bh6 29. Bc7) 28... Ra8 {[%emt 0:00:01]} 29. Bc7 {[%emt 0:00:02]} c4 {[%emt 0:00:03]} 30. Rc1 {[%emt 0:00:02][%cal Bf1c1,Bc1c3,Bc3c8,Bc8d8,Bd8a8,Ba8a7][%mdl 32]} f5 {[%emt 0:00:03]} 31. Bxd6 {[%emt 0:00:01]} c3 {[%emt 0:00:01]} 32. Rxc3 {[%emt 0:00:01] White mates.} Rd8 {[%emt 0:00:02]} 33. Rc8 {[%emt 0:00:01]} Kf7 {[%emt 0:00:03]} 34. Rxd8 {[%emt 0:00:01]} Ke6 {[%emt 0:00:00]} 35. exf5+ {[%emt 0:00:05]} gxf5 {[%emt 0:00:00]} 36. Ra8 {[%emt 0:00:01]} Kxd7 {[%emt 0:00:01]} 37. Bxe5 {[%emt 0:00:01]} Rb1+ {[%emt 0:00:01]} 38. Kh2 {[%emt 0:00:00]} Ke6 {[%emt 0:00:01]} 39. Bd4 {[%emt 0:00:01]} Re1 {[%emt 0:00:01]} 40. Bg2 {[%emt 0:00:01]} Re2 {[%emt 0:00:01]} 41. Ra7 {[%emt 0:00:01]} Kd6 {[%emt 0:00:01]} 42. Kh3 {[%emt 0:00:01]} Rc2 {[%emt 0:00:01]} 43. Bf3 {[%emt 0:00:01]} Rf2 {[%emt 0:00:01]} 44. Bxh5 {[%emt 0:00:01]} Ra2 {[%emt 0:00:01]} 45. Bf6 {[%emt 0:00:01]} Ke6 {[%emt 0:00:01]} 46. Ra6+ {[%emt 0:00:01]} Kd7 {[%emt 0:00:01]} 47. Rxa4 {[%emt 0:00:00]} Kc8 {[%emt 0:00:01]} 48. Ra7 {[%emt 0:00:01]} Kb8 {[%emt 0:00:01]} 49. Bd4 {[%emt 0:00:01]} Rd2 {[%emt 0:00:01][%mdl 32768] Weighted Error Value: White=0.66/Black=0.90.  Loses game:     	---       	Black=2      Missed win:     	White=1     	---        Mistake:       	---       	Black=4      Inaccurate:     	White=5     	Black=2      OK:         	White=3     	Black=2      Best:        	White=1     	---       . Loss on time!?} 0-1

[Event "Test Tournament"]
[Site "Emanuel Lasker Arena"]
[Date "2024.04.09"]
[Round "2"]
[White "Girlfriend Chess"]
[Black "Mrs Florrick"]
[Result "1/2-1/2"]
[WhiteElo "1753"]
[BlackElo "1780"]
[Annotator "NA RC"]
[PlyCount "102"]
[EventDate "2024.04.09"]
[EventType "swiss (blitz)"]
[TimeControl "60"]

1. c4 {[%emt 0:00:01]} e5 {[%emt 0:00:01]} 2. Nc3 {[%emt 0:00:01]} Nf6 {[%emt 0:00:01]} 3. Nf3 {[%emt 0:00:01]} Nc6 {[%emt 0:00:01]} 4. g3 {[%emt 0:00:01]} Bb4 {[%emt 0:00:01]} 5. Bg2 {[%emt 0:00:01]} O-O {[%emt 0:00:01]} 6. O-O {[%emt 0:00:01]} Re8 {[%emt 0:00:01]} 7. d3 {[%emt 0:00:01]} Nd4 {[%emt 0:00:01]} 8. Bd2 {[%emt 0:00:01]} c6 {[%emt 0:00:04]} 9. Nxd4 {[%emt 0:00:01]} exd4 {[%emt 0:00:01]} 10. Ne4 {[%emt 0:00:04]} a5 {[%emt 0:00:04]} 11. Rc1 {[%emt 0:00:04]} h5 {[%emt 0:00:04]} 12. Bg5 {[%emt 0:00:07]} a4 {[%emt 0:00:03]} 13. c5 {[%emt 0:00:03]} d5 {[%emt 0:00:03]} 14. Bxf6 {[%emt 0:00:01]} gxf6 {[%emt 0:00:01]} 15. Nd6 {[%emt 0:00:01]} Re5 {[%emt 0:00:03]} 16. f4 {[%emt 0:00:03]} a3 {[%emt 0:00:03]} 17. fxe5 {[%emt 0:00:01]} axb2 {[%emt 0:00:01]} 18. Rxf6 {[%emt 0:00:03]} bxc1=N {[%emt 0:00:00]} 19. Qxc1 {[%emt 0:00:01]} Be6 {[%emt 0:00:02]} 20. Qh6 {[%emt 0:00:02]} Bxc5 {[%emt 0:00:01]} 21. Nxb7 {[%emt 0:00:01]} Qb6 {[%emt 0:00:02]} 22. Qg5+ {[%emt 0:00:02]} Kf8 {[%emt 0:00:01]} 23. Nxc5 {[%emt 0:00:01]} Qxc5 {[%emt 0:00:01]} 24. Rh6 {[%emt 0:00:01]} Ke8 {[%emt 0:00:02]} 25. Rh8+ {[%emt 0:00:01]} Qf8 {[%emt 0:00:01]} 26. Rxf8+ {[%emt 0:00:01]} Kxf8 {[%emt 0:00:01]} 27. Qxh5 {[%emt 0:00:01]} Rxa2 {[%emt 0:00:01]} 28. h4 {[%emt 0:00:01]} Ke8 {[%emt 0:00:01]} 29. Qh7 {[%emt 0:00:01]} Kd7 {[%emt 0:00:01]} 30. Bf3 {[%emt 0:00:01]} c5 {[%emt 0:00:01]} 31. h5 {[%emt 0:00:00]} c4 {[%emt 0:00:01]} 32. dxc4 {[%emt 0:00:01]} dxc4 {[%emt 0:00:01]} 33. Qd3 {[%emt 0:00:01]} cxd3 {[%emt 0:00:01]} 34. exd3 {[%emt 0:00:00]} Bf5 {[%emt 0:00:01]} 35. Bc6+ {[%emt 0:00:01]} Kxc6 {[%emt 0:00:01]} 36. h6 {[%emt 0:00:01]} Bxd3 {[%emt 0:00:01]} 37. e6 {[%emt 0:00:01]} fxe6 {[%emt 0:00:01]} 38. h7 {[%emt 0:00:00]} Bxh7 {[%emt 0:00:00]} 39. Kf1 {[%emt 0:00:01]} Bd3+ {[%emt 0:00:01]} 40. Ke1 {[%emt 0:00:01]} e5 {[%emt 0:00:01]} 41. Kd1 {[%emt 0:00:00]} Rg2 {[%emt 0:00:01]} 42. g4 {[%emt 0:00:00]} Rxg4 {[%emt 0:00:00]} 43. Kd2 {[%emt 0:00:00]} Rg3 {[%emt 0:00:00]} 44. Ke1 {[%emt 0:00:00]} Rg2 {[%emt 0:00:01]} 45. Kd1 {[%emt 0:00:00]} e4 {[%emt 0:00:00]} 46. Ke1 {[%emt 0:00:00]} e3 {[%emt 0:00:00]} 47. Kd1 {[%emt 0:00:00]} Rb2 {[%emt 0:00:00]} 48. Kc1 {[%emt 0:00:00]} Ra2 {[%emt 0:00:00]} 49. Kd1 {[%emt 0:00:00]} Rb2 {[%emt 0:00:00]} 50. Ke1 {[%emt 0:00:00]} Ra2 {[%emt 0:00:00]} 51. Kd1 {[%emt 0:00:00]} Rb2 {[%emt 0:00:00] (Lag: Av=0.06s, max=0.6s)} 1/2-1/2

[Event "Test Tournament"]
[Site "Emanuel Lasker Arena"]
[Date "2024.04.09"]
[Round "2"]
[White "Girlfriend Chess"]
[Black "LiliBeth"]
[Result "1-0"]
[WhiteElo "1752"]
[BlackElo "1853"]
[Annotator "NA RC"]
[PlyCount "95"]
[EventDate "2024.04.09"]
[EventType "swiss (blitz)"]
[TimeControl "60"]

1. d4 {[%emt 0:00:02]} d5 {[%emt 0:00:02]} 2. c4 {[%emt 0:00:01]} e6 {[%emt 0:00:01]} 3. Nc3 {[%emt 0:00:01]} c5 {[%emt 0:00:01]} 4. cxd5 {[%emt 0:00:01]} exd5 {[%emt 0:00:02]} 5. Nf3 {[%emt 0:00:01]} Nc6 {[%emt 0:00:01]} 6. dxc5 {[%emt 0:00:01]} d4 {[%emt 0:00:01]} 7. Na4 {[%emt 0:00:00]} Bxc5 {[%emt 0:00:01]} 8. Nxc5 {[%emt 0:00:01]} Qa5+ {[%emt 0:00:01]} 9. Bd2 {[%emt 0:00:01]} Qxc5 {[%emt 0:00:01]} 10. Rc1 {[%emt 0:00:01]} Qd5 {[%emt 0:00:04]} 11. Qa4 {[%emt 0:00:02]} Nf6 {[%emt 0:00:03]} 12. g3 {[%emt 0:00:01]} d3 {[%emt 0:00:03]} 13. Bg2 {[%emt 0:00:04]} O-O {[%emt 0:00:03]} 14. O-O {[%emt 0:00:03]} dxe2 {[%emt 0:00:01]} 15. Rfe1 {[%emt 0:00:01]} Re8 {[%emt 0:00:03]} 16. Nd4 {[%emt 0:00:03]} Qxd4 {[%emt 0:00:02]} 17. Bxc6 {[%emt 0:00:01]} Qxd2 {[%emt 0:00:01]} 18. Bxe8 {[%emt 0:00:01]} Be6 {[%emt 0:00:03]} 19. Bb5 {[%emt 0:00:01]} Qxb2 {[%emt 0:00:01]} 20. Bxe2 {[%emt 0:00:01]} Qxa2 {[%emt 0:00:01]} 21. Qxa2 {[%emt 0:00:01]} Bxa2 {[%emt 0:00:01]} 22. Rc7 {[%emt 0:00:03]} Be6 {[%emt 0:00:02]} 23. Rxb7 {[%emt 0:00:01]} a5 {[%emt 0:00:01]} 24. Bb5 {[%emt 0:00:03]} h5 {[%emt 0:00:02]} 25. h4 {[%emt 0:00:03]} g6 {[%emt 0:00:02]} 26. Re5 {[%emt 0:00:02]} a4 {[%emt 0:00:02]} 27. Bd3 {[%emt 0:00:02]} Rd8 {[%emt 0:00:02]} 28. Bxg6 {[%emt 0:00:01]} Rd1+ {[%emt 0:00:01]} 29. Kg2 {[%emt 0:00:01]} a3 {[%emt 0:00:01]} 30. Bxh5 {[%emt 0:00:01]} Nxh5 {[%emt 0:00:01]} 31. Rxh5 {[%emt 0:00:01]} Bd5+ {[%emt 0:00:01]} 32. Rxd5 {[%emt 0:00:01]} Rxd5 {[%emt 0:00:00]} 33. Ra7 {[%emt 0:00:01]} Kh7 {[%emt 0:00:01]} 34. Rxa3 {[%emt 0:00:01]} Kh6 {[%emt 0:00:01]} 35. Ra7 {[%emt 0:00:01]} Kg6 {[%emt 0:00:01]} 36. Kf1 {[%emt 0:00:01]} f6 {[%emt 0:00:01]} 37. f3 {[%emt 0:00:01]} Rd4 {[%emt 0:00:01]} 38. Rb7 {[%emt 0:00:01]} Kh5 {[%emt 0:00:01]} 39. Ra7 {[%emt 0:00:01]} Rd5 {[%emt 0:00:01]} 40. Rc7 {[%emt 0:00:01]} Rd1+ {[%emt 0:00:01]} 41. Ke2 {[%emt 0:00:01]} Rd6 {[%emt 0:00:01]} 42. f4 {[%emt 0:00:01]} Rd5 {[%emt 0:00:01]} 43. Rb7 {[%emt 0:00:01]} Rd4 {[%emt 0:00:01]} 44. Ra7 {[%emt 0:00:01]} Rc4 {[%emt 0:00:01]} 45. Kd2 {[%emt 0:00:01]} Rc8 {[%emt 0:00:00]} 46. Rb7 {[%emt 0:00:01]} Rh8 {[%emt 0:00:01]} 47. Kd1 {[%emt 0:00:01]} Kg4 {[%emt 0:00:01] '} 48. Rh7 {[%emt 0:00:01] (Lag: Av=0.06s, max=0.3s)} 1-0

[Event "Test Tournament"]
[Site "Emanuel Lasker Arena"]
[Date "2024.04.09"]
[Round "2"]
[White "Dominatrix"]
[Black "Klaus Junge"]
[Result "0-1"]
[WhiteElo "1733"]
[BlackElo "1620"]
[Annotator "NA RC"]
[PlyCount "84"]
[EventDate "2024.04.09"]
[EventType "swiss (blitz)"]
[TimeControl "60"]

1. e4 {[%emt 0:00:01]} e5 {[%emt 0:00:01]} 2. Nf3 {[%emt 0:00:01]} Nc6 {[%emt 0:00:01]} 3. Bb5 {[%emt 0:00:00]} a6 {[%emt 0:00:01]} 4. Ba4 {[%emt 0:00:01]} Nf6 {[%emt 0:00:01]} 5. O-O {[%emt 0:00:01]} Nxe4 {[%emt 0:00:01]} 6. Re1 {[%emt 0:00:02]} Nc5 {[%emt 0:00:01]} 7. Bxc6 {[%emt 0:00:01]} dxc6 {[%emt 0:00:01]} 8. d4 {[%emt 0:00:01]} Ne6 {[%emt 0:00:01]} 9. Rxe5 {[%emt 0:00:01]} Bd6 {[%emt 0:00:01]} 10. Re4 {[%emt 0:00:01]} h6 {[%emt 0:00:04]} 11. c4 {[%emt 0:00:02]} O-O {[%emt 0:00:04]} 12. h4 {[%emt 0:00:04]} f5 {[%emt 0:00:04]} 13. c5 {[%emt 0:00:12]} fxe4 {[%emt 0:00:01]} 14. cxd6 {[%emt 0:00:01]} exf3 {[%emt 0:00:01]} 15. Nc3 {[%emt 0:00:03]} Qxh4 {[%emt 0:00:07]} 16. g3 {[%emt 0:00:02]} Qh3 {[%emt 0:00:03]} 17. Qf1 {[%emt 0:00:01]} Qxf1+ {[%emt 0:00:01]} 18. Kxf1 {[%emt 0:00:01]} Nxd4 {[%emt 0:00:00]} 19. dxc7 {[%emt 0:00:01]} Bh3+ {[%emt 0:00:02]} 20. Kg1 {[%emt 0:00:01]} Ne2+ {[%emt 0:00:03]} 21. Kh1 {[%emt 0:00:01]} Rac8 {[%emt 0:00:03]} 22. Kh2 {[%emt 0:00:02]} b5 {[%emt 0:00:01]} 23. Kxh3 {[%emt 0:00:01]} Rxc7 {[%emt 0:00:02]} 24. Ne4 {[%emt 0:00:01]} g5 {[%emt 0:00:02]} 25. b4 {[%emt 0:00:02]} Re7 {[%emt 0:00:02]} 26. Bb2 {[%emt 0:00:02]} g4+ {[%emt 0:00:02]} 27. Kxg4 {[%emt 0:00:01]} Rxe4+ {[%emt 0:00:01]} 28. Kh5 {[%emt 0:00:01]} Rf5+ {[%emt 0:00:01]} 29. Kg6 {[%emt 0:00:01]} Rg5+ {[%emt 0:00:01]} 30. Kxh6 {[%emt 0:00:01]} Rd5 {[%emt 0:00:01]} 31. Kg6 {[%emt 0:00:01]} Rg4+ {[%emt 0:00:01]} 32. Kh6 {[%emt 0:00:01]} Nxg3 {[%emt 0:00:01]} 33. fxg3 {[%emt 0:00:01]} Rd2 {[%emt 0:00:01]} 34. Bf6 {[%emt 0:00:01]} Rh2+ {[%emt 0:00:01]} 35. Bh4 {[%emt 0:00:01]} Rxg3 {[%emt 0:00:00]} 36. Rd1 {[%emt 0:00:01]} Rxa2 {[%emt 0:00:00]} 37. Bxg3 {[%emt 0:00:00]} Rg2 {[%emt 0:00:01]} 38. Be5 {[%emt 0:00:01]} Kf7 {[%emt 0:00:01]} 39. Rd6 {[%emt 0:00:01]} Re2 {[%emt 0:00:01]} 40. Bd4 {[%emt 0:00:01]} Ke7 {[%emt 0:00:01]} 41. Rxc6 {[%emt 0:00:01]} Rh2+ {[%emt 0:00:01]} 42. Kg6 {[%emt 0:00:00] .} f2 {[%emt 0:00:01]} 0-1

[Event "Test Tournament"]
[Site "Emanuel Lasker Arena"]
[Date "2024.04.09"]
[Round "2"]
[White "Dominatrix"]
[Black "Brutus"]
[Result "0-1"]
[WhiteElo "1733"]
[BlackElo "2041"]
[Annotator "RC"]
[PlyCount "50"]
[EventDate "2024.04.09"]
[EventType "swiss (blitz)"]
[TimeControl "60"]

1. e4 {[%emt 0:00:01]} Nf6 {[%emt 0:00:01]} 2. e5 {[%emt 0:00:01]} Nd5 {[%emt 0:00:01]} 3. d4 {[%emt 0:00:02]} d6 {[%emt 0:00:01]} 4. c4 {[%emt 0:00:01]} Nb6 {[%emt 0:00:00]} 5. f4 {[%emt 0:00:01]} dxe5 {[%emt 0:00:01]} 6. fxe5 {[%emt 0:00:01]} Bf5 {[%emt 0:00:01]} 7. Nc3 {[%emt 0:00:01]} Nc6 {[%emt 0:00:01]} 8. g4 {[%emt 0:00:01]} Bg6 {[%emt 0:00:01]} 9. Nf3 {[%emt 0:00:02]} Nb4 {[%emt 0:00:01]} 10. c5 {[%emt 0:00:04]} Nc2+ {[%emt 0:00:01]} 11. Kf2 {[%emt 0:00:03]} Nxa1 {[%emt 0:00:01]} 12. cxb6 {[%emt 0:00:01]} axb6 {[%emt 0:00:01]} 13. Bg5 {[%emt 0:00:03]} Nc2 {[%emt 0:00:01]} 14. e6 {[%emt 0:00:03]} fxe6 {[%emt 0:00:07]} 15. h4 {[%emt 0:00:03]} h6 {[%emt 0:00:07]} 16. Bc4 {[%emt 0:00:10]} hxg5 {[%emt 0:00:01]} 17. Bxe6 {[%emt 0:00:01]} gxh4 {[%emt 0:00:03]} 18. Nb5 {[%emt 0:00:02]} Be4 {[%emt 0:00:03]} 19. Ne5 {[%emt 0:00:02]} Qb8 {[%emt 0:00:01]} 20. Nd7 {[%emt 0:00:01]} Qd8 {[%emt 0:00:03]} 21. Rf1 {[%emt 0:00:01]} Rxa2 {[%emt 0:00:02]} 22. Ne5 {[%emt 0:00:01]} Qb8 {[%emt 0:00:02]} 23. Bxa2 {[%emt 0:00:01]} c6 {[%emt 0:00:02]} 24. Nd7 {[%emt 0:00:06]} Qf4+ {[%emt 0:00:01]} 25. Ke2 {[%emt 0:00:01]} Qe3# {[%emt 0:00:01] (Lag: Av=0.06s, max=0.2s)} 0-1

[Event "Test Tournament"]
[Site "Emanuel Lasker Arena"]
[Date "2024.04.09"]
[Round "2"]
[White "Dominatrix"]
[Black "Roberta Draper"]
[Result "0-1"]
[WhiteElo "1733"]
[BlackElo "1620"]
[Annotator "NA RC"]
[PlyCount "28"]
[EventDate "2024.04.09"]
[EventType "swiss (blitz)"]
[TimeControl "60"]

1. e4 {[%emt 0:00:02]} c5 {[%emt 0:00:01]} 2. Nf3 {[%emt 0:00:01]} d6 {[%emt 0:00:01]} 3. d4 {[%emt 0:00:02]} cxd4 {[%emt 0:00:01]} 4. Nxd4 {[%emt 0:00:01]} Nf6 {[%emt 0:00:01]} 5. Nc3 {[%emt 0:00:01]} a6 {[%emt 0:00:01]} 6. Bg5 {[%emt 0:00:01]} e6 {[%emt 0:00:01]} 7. Qf3 {[%emt 0:00:01]} Nbd7 {[%emt 0:00:01]} 8. O-O-O {[%emt 0:00:01]} Qc7 {[%emt 0:00:01]} 9. h4 {[%emt 0:00:01]} b5 {[%emt 0:00:01]} 10. a4 {[%emt 0:00:02]} b4 {[%emt 0:00:04]} 11. Bb5 {[%emt 0:00:09]} bxc3 {[%emt 0:00:01]} 12. e5 {[%emt 0:00:03]} Bb7 {[%emt 0:00:04]} 13. Bc6 {[%emt 0:00:04]} Qb6 {[%emt 0:00:05]} 14. exf6 {[%emt 0:00:02]} Qxb2# {[%emt 0:00:03] (Lag: Av=0.08s, max=0.5s)} 0-1

[Event "Test Tournament"]
[Site "Emanuel Lasker Arena"]
[Date "2024.04.09"]
[Round "2"]
[White "Patemkin"]
[Black "Botwinzig"]
[Result "1-0"]
[WhiteElo "1680"]
[BlackElo "1810"]
[Annotator "NA RC"]
[PlyCount "41"]
[EventDate "2024.04.09"]
[EventType "swiss (blitz)"]
[TimeControl "60"]

1. d4 {[%emt 0:00:01]} Nf6 {[%emt 0:00:01]} 2. c4 {[%emt 0:00:01]} e6 {[%emt 0:00:00]} 3. g3 {[%emt 0:00:01]} d5 {[%emt 0:00:01]} 4. Bg2 {[%emt 0:00:01]} Be7 {[%emt 0:00:01]} 5. Nf3 {[%emt 0:00:01]} O-O {[%emt 0:00:01]} 6. O-O {[%emt 0:00:01]} dxc4 {[%emt 0:00:00]} 7. Qc2 {[%emt 0:00:01]} a6 {[%emt 0:00:01]} 8. Rd1 {[%emt 0:00:01]} b5 {[%emt 0:00:01]} 9. Ne5 {[%emt 0:00:01]} c6 {[%emt 0:00:01]} 10. Nc3 {[%emt 0:00:03]} Nd5 {[%emt 0:00:04]} 11. b3 {[%emt 0:00:02]} Nd7 {[%emt 0:00:04]} 12. Nxc6 {[%emt 0:00:03]} cxb3 {[%emt 0:00:01]} 13. Qxb3 {[%emt 0:00:01]} Nxc3 {[%emt 0:00:01]} 14. Nxd8 {[%emt 0:00:01]} Nxe2+ {[%emt 0:00:02]} 15. Kf1 {[%emt 0:00:01]} Nxc1 {[%emt 0:00:01]} 16. Rdxc1 {[%emt 0:00:01]} Rxd8 {[%emt 0:00:02]} 17. Bxa8 {[%emt 0:00:01]} g6 {[%emt 0:00:04]} 18. d5 {[%emt 0:00:03]} Nb6 {[%emt 0:00:03]} 19. Rc7 {[%emt 0:00:05]} Nxd5 {[%emt 0:00:01]} 20. Bxd5 {[%emt 0:00:01]} exd5 {[%emt 0:00:01]} 21. Rxe7 {[%emt 0:00:02] Botwinzig resigns (Lag: Av=0.06s, max=0.4s)} 1-0